[Event "ESP-chT Regional U14"]
[Site "Padron"]
[Date "2017.06.23"]
[Round "3.2"]
[White "Pascual Martinez, Daniel"]
[Black "Badillo Ramos, Michael Steve"]
[Result "0-1"]
[WhiteElo "1274"]
[BlackElo "1802"]
[PlyCount "108"]
[EventDate "2017.06.22"]
[EventType "team"]
[EventRounds "6"]
[EventCountry "ESP"]
[SourceTitle "EXT 2018"]
[Source "ChessBase"]
[SourceDate "2017.10.13"]
[SourceVersion "1"]
[SourceVersionDate "2017.10.13"]
[SourceQuality "1"]
[WhiteTeam "Extremadura (U14)"]
[BlackTeam "Asturias (U14)"]
[WhiteTeamCountry "ESP"]
[BlackTeamCountry "ESP"]

1. d4 d5 2. Nf3 Nf6 3. e3 e6 4. Bd3 c5 5. c3 Nc6 6. Nbd2 Bd6 7. 0-0 cxd4 8. exd4 0-0 9. Re1 Qc7 10. Nf1 e5 11. dxe5 Nxe5 12. Nxe5 Bxe5 13. Bg5 Bg4 14. Qc2 h6 15. Bh4 Nh5 16. Bg3 Nxg3 17. hxg3 Rac8 18. Ne3 Be6 19. Rac1 Rfd8 20. Red1 Qb6 21. Qe2 d4 22. cxd4 Rxc1 23. Rxc1 Qxd4 24. Bf5 Bxf5 25. Nxf5 Qxb2 26. Rc2 Qb1+ 27. Kh2 Rd1 28. Ne7+ Kh8 29. Rc8+ Kh7 30. Qxd1 Qxd1 31. Re8 Qd7 32. Rc8 Qxe7 33. Rc1 Qh4+ 34. Kg1 Bxg3 35. fxg3 Qxg3 36. Rf1 Qe3+ 37. Kh1 Qe6 38. Rb1 Qxa2 39. Rxb7 Kg6 40. Rb5 Qa1+ 41. Kh2 Qf1 42. Rb7 a5 43. Ra7 Qf4+ 44. Kh1 a4 45. Ra5 a3 46. Ra6+ Qf6 47. Rxf6+ Kxf6 48. Kg1 a2 49. Kh2 a1Q 50. Kg3 Kg5 51. Kf2 Qc3 52. Ke2 Kf4 53. Kd1 Ke3 54. g4 Qd2# 0-1